| 000 | 01421cam a2200361 a 4500 | ||
|---|---|---|---|
| 001 | 13604231 | ||
| 005 | 20230320162634.0 | ||
| 008 | 040524s2000 vaua b 001 0 eng c | ||
| 010 | _a 2004272862 | ||
| 015 | _aGBA0-66438 | ||
| 020 | _a1563473992 | ||
| 035 | _a(OCoLC)ocm44873576 | ||
| 040 |
_aNAT _cNAT _dIQU _dUIU _dUKM _dLVB _dDLC |
||
| 042 | _apcc | ||
| 050 | 0 | 0 |
_aTL507 _b.P75 vol. 186 |
| 082 | 0 | 0 |
_a629.1 s _a629.1 _222 _bMOO |
| 100 | 1 |
_aMoore, Frank G. _q(Frankie Gale), _d1944- _9110714 |
|
| 245 | 1 | 0 |
_aApproximate methods for weapon aerodynamics / _cFrank G. Moore. |
| 246 | 3 | 0 | _aWeapon aerodynamics |
| 260 |
_aReston, VA : _bAmerican Institute of Aeronautics and Astronautics, _cc2000. |
||
| 300 |
_axi, 464 p. : _bill. ; _c24 cm. |
||
| 440 | 0 |
_aProgress in astronautics and aeronautics ; _vv. 186 _982743 |
|
| 504 | _aIncludes bibliographical references and index. | ||
| 650 | 0 |
_aProjectiles, Aerial _xAerodynamics _xMathematics. _9110715 |
|
| 650 | 0 |
_aBallistic missiles _xAerodynamics _xMathematics. _9110716 |
|
| 650 | 0 |
_aAerodynamics _xMathematics. _91707 |
|
| 650 | 6 |
_aProjectiles _xAérodynamique _xMathématiques. _9110717 |
|
| 650 | 6 |
_aMissiles balistiques _xAérodynamique _xMathématiques. _9110718 |
|
| 650 | 6 |
_aAérodynamique _xMathématiques. _9110719 |
|
| 906 |
_a7 _bcbc _cpccadap _d2 _encip _f20 _gy-gencatlg |
||
| 942 |
_2ddc _cBK |
||
| 999 |
_c593890 _d593890 |
||